[Event "Collado Villalba op-B 35th"]
[Site "Collado Villalba ESP"]
[Date "2018.08.29"]
[Round "6.25"]
[White "Andrade Espinoza, Jhamil"]
[Black "Benito Alba, Eladio"]
[Result "1/2-1/2"]
[WhiteElo "1221"]
[BlackElo "1535"]
[PlyCount "73"]
[EventDate "2018.08.24"]
[EventType "swiss"]
[EventRounds "9"]
[EventCountry "ESP"]
[SourceTitle "Ajedrez en Madrid"]
[Source "lmi"]
[SourceDate "2018.08.24"]

1. d4 d5 2. Bf4 Nf6 3. Nf3 Bf5 4. e3 e6 5. Nbd2 Bd6 6. Ne5 Nc6 7. c3 O-O 8. Be2
Bxe5 9. dxe5 Nd7 10. Nf3 h6 11. h4 Ne7 12. Nd4 a6 13. g4 Bh7 14. h5 c5 15. Nf3
Be4 16. Bd3 Bxd3 17. Qxd3 c4 18. Qc2 Nc5 19. O-O-O Nd3+ 20. Kb1 Nxf4 21. exf4
b5 22. Nd4 Qb6 23. g5 hxg5 24. h6 g6 25. Rdg1 Nf5 26. Rxg5 Kh7 27. Nf3 d4 28.
cxd4 Nxd4 29. Qc3 Nxf3 30. Qxf3 Rad8 31. Rhg1 Rd3 32. Qg2 Qd8 33. Qg4 Rg8 34.
f5 Qd4 35. fxg6+ fxg6 36. Rxg6 Qxg4 37. R6xg4 1/2-1/2

[Event "Collado Villalba op-B 35th"]
[Site "Collado Villalba ESP"]
[Date "2018.08.29"]
[Round "6.26"]
[White "Buergo Villanueva, Fernando"]
[Black "Murillo Paz, Pedro"]
[Result "0-1"]
[WhiteElo "1272"]
[BlackElo "1428"]
[PlyCount "82"]
[EventDate "2018.08.24"]
[EventType "swiss"]
[EventRounds "9"]
[EventCountry "ESP"]
[SourceTitle "Ajedrez en Madrid"]
[Source "lmi"]
[SourceDate "2018.08.24"]

1. d4 Nf6 2. Nf3 g6 3. Bf4 Bg7 4. Qd2 d6 5. Bh6 Bxh6 6. Qxh6 Be6 7. Nc3 Nc6 8.
h3 Qd7 9. e3 O-O-O 10. Ng5 Qe8 11. Nxe6 fxe6 12. Bb5 a6 13. Bc4 d5 14. Be2 Qf7
15. Qf4 Rhf8 16. g4 Qg7 17. Qh2 Nd7 18. g5 Kb8 19. a3 Rf7 20. O-O-O Rdf8 21.
Rhf1 h5 22. h4 Rf5 23. b4 Qf7 24. f4 Qg7 25. b5 axb5 26. Nxb5 Na7 27. Nxa7 Kxa7
28. Bd3 R5f7 29. f5 e5 30. c3 Kb8 31. Qb2 Nb6 32. Qb5 e4 33. f6 exf6 34. gxf6
Rxf6 35. Rxf6 Rxf6 36. Qe8+ Ka7 37. Bb1 Qf7 38. Qb5 Qf8 39. Kb2 Nc4+ 40. Ka1
Qxa3+ 41. Ba2 Qxc3+ 0-1

[Event "Collado Villalba op-B 35th"]
[Site "Collado Villalba ESP"]
[Date "2018.08.29"]
[Round "6.28"]
[White "Martin Rodriguez, Jose Luis"]
[Black "Orta Vazquez, Mario"]
[Result "1-0"]
[WhiteElo "1266"]
[BlackElo "1429"]
[PlyCount "73"]
[EventDate "2018.08.24"]
[EventType "swiss"]
[EventRounds "9"]
[EventCountry "ESP"]
[SourceTitle "Ajedrez en Madrid"]
[Source "lmi"]
[SourceDate "2018.08.24"]

1. c4 Nf6 2. Nc3 d5 3. cxd5 Nxd5 4. Nf3 e6 5. g3 Be7 6. Bg2 O-O 7. O-O c6 8. d3
b6 9. Bd2 Ba6 10. a3 Bf6 11. Qc2 Nd7 12. Ne4 Qc7 13. Rab1 Bb7 14. Nxf6+ N5xf6
15. Nd4 Rac8 16. Rfe1 Nd5 17. b4 a6 18. e4 Ne7 19. Ne2 Rfd8 20. Bg5 f6 21. Be3
e5 22. f4 Ng6 23. f5 Ne7 24. g4 g5 25. Ng3 Kf7 26. Nh5 h6 27. Qc4+ Kf8 28. Qe6
Ng8 29. Qb3 Rb8 30. Bf1 Qd6 31. Qd1 b5 32. Bf2 Ne7 33. h4 Kg8 34. d4 exd4 35.
Bxd4 Ne5 36. Qb3+ Kh7 37. Bc5 1-0

[Event "Collado Villalba op-B 35th"]
[Site "Collado Villalba ESP"]
[Date "2018.08.30"]
[Round "7.1"]
[White "Fernandez Estremera, Fernando"]
[Black "Garcia Serrano, Jose Manuel"]
[Result "1-0"]
[WhiteElo "1830"]
[BlackElo "1908"]
[PlyCount "77"]
[EventDate "2018.08.24"]
[EventType "swiss"]
[EventRounds "9"]
[EventCountry "ESP"]
[SourceTitle "Ajedrez en Madrid"]
[Source "lmi"]
[SourceDate "2018.08.24"]

1. d4 d5 2. Nc3 Bf5 3. Bg5 Nc6 4. f3 f6 5. Bh4 e5 6. Bf2 Bb4 7. e3 exd4 8. exd4
Qe7+ 9. Nge2 Nh6 10. Qd2 O-O-O 11. O-O-O Nf7 12. Nf4 g5 13. Nd3 Rhe8 14. Kb1
Qd6 15. a3 Ba5 16. Nc5 g4 17. Bg3 Nce5 18. Nb3 Qb6 19. Nxa5 Qxa5 20. dxe5 fxe5
21. Nb5 Qb6 22. a4 a6 23. a5 Qc5 24. Qc3 Qe7 25. Bh4 Qd7 26. Bxd8 Rxd8 27. Na3
Qa4 28. Bd3 Be6 29. Rhe1 d4 30. Qd2 Rd5 31. Bc4 Nd6 32. Bb3 Qc6 33. Bxd5 Qxd5
34. b3 Qc5 35. Kb2 Nf5 36. f4 e4 37. Rxe4 Bd5 38. Re5 Nd6 39. Qxd4 1-0

[Event "Collado Villalba op-B 35th"]
[Site "Collado Villalba ESP"]
[Date "2018.08.30"]
[Round "7.2"]
[White "Liceras Ruiz, Manuel"]
[Black "Gonzalez Pinar, Adrian"]
[Result "0-1"]
[WhiteElo "1642"]
[BlackElo "1593"]
[PlyCount "86"]
[EventDate "2018.08.24"]
[EventType "swiss"]
[EventRounds "9"]
[EventCountry "ESP"]
[SourceTitle "Ajedrez en Madrid"]
[Source "lmi"]
[SourceDate "2018.08.24"]

1. c4 e5 2. d3 Nf6 3. Nf3 Nc6 4. e3 d5 5. cxd5 Nxd5 6. a3 Be6 7. Be2 Be7 8. O-O
O-O 9. Nc3 Nb6 10. b4 f6 11. Bb2 a6 12. Qc2 Qe8 13. Rac1 Qf7 14. Nd2 f5 15. Na4
Nxa4 16. Qxa4 Bf6 17. Bf3 Rad8 18. Bxc6 bxc6 19. Qxc6 Rxd3 20. Nf3 Bd5 21. Qxa6
Qg6 22. Ne1 Rb3 23. Ba1 Ra8 24. Qb5 c6 25. Qb7 Rbxa3 26. Bb2 R3a7 27. Qb6 Bd8
28. Qc5 Bc7 29. f3 Ra2 30. Qc3 Bb6 31. Nc2 f4 32. Rce1 fxe3 33. Nxe3 Bxe3+ 34.
Rxe3 Rxb2 35. Qxb2 Ra2 36. Qxa2 Bxa2 37. Ra1 h5 38. Rxe5 Bd5 39. Kf2 Qc2+ 40.
Kg3 h4+ 41. Kxh4 Qxg2 42. Ra8+ Kf7 43. Rf5+ Kg6 0-1

[Event "Collado Villalba op-B 35th"]
[Site "Collado Villalba ESP"]
[Date "2018.08.30"]
[Round "7.3"]
[White "Herrero Corada, Jose Ignacio"]
[Black "Gamboa Ondono, Jesus"]
[Result "0-1"]
[WhiteElo "1764"]
[BlackElo "1749"]
[PlyCount "65"]
[EventDate "2018.08.24"]
[EventType "swiss"]
[EventRounds "9"]
[EventCountry "ESP"]
[SourceTitle "Ajedrez en Madrid"]
[Source "lmi"]
[SourceDate "2018.08.24"]

1. e4 e5 2. Nf3 Nc6 3. Bb5 a6 4. Bxc6 dxc6 5. O-O f6 6. d4 Bg4 7. dxe5 Qxd1 8.
Rxd1 fxe5 9. Rd3 Bd6 10. Nbd2 Nf6 11. Nc4 Bxf3 12. gxf3 Rd8 13. f4 Nxe4 14.
fxe5 Bc5 15. Rxd8+ Kxd8 16. Be3 Bxe3 17. Nxe3 Rf8 18. Rf1 Ng5 19. Rd1+ Ke7 20.
Kg2 Nf3 21. Nc4 b5 22. Na5 Nxe5 23. Kg3 Rf3+ 24. Kg2 Rf6 25. Re1 Kd6 26. Rd1+
Ke6 27. Re1 Rg6+ 28. Kh3 Kf5 29. Nb3 Nf3 30. Re3 Kf4 31. Rxf3+ Kxf3 32. Nd4+
Kxf2 33. Nxc6 0-1

[Event "Collado Villalba op-B 35th"]
[Site "Collado Villalba ESP"]
[Date "2018.08.30"]
[Round "7.4"]
[White "Fernandez Rios, Jose Francisco"]
[Black "Ballina Amandi, Casimiro"]
[Result "1/2-1/2"]
[WhiteElo "1729"]
[BlackElo "1781"]
[PlyCount "55"]
[EventDate "2018.08.24"]
[EventType "swiss"]
[EventRounds "9"]
[EventCountry "ESP"]
[SourceTitle "Ajedrez en Madrid"]
[Source "lmi"]
[SourceDate "2018.08.24"]

1. d4 Nf6 2. c4 e5 3. dxe5 Ng4 4. Nf3 Bc5 5. e3 Nc6 6. Be2 O-O 7. O-O Re8 8.
Nc3 Ngxe5 9. Nxe5 Nxe5 10. Ne4 Bf8 11. Ng3 d6 12. f4 Nd7 13. Bf3 c6 14. e4 Nc5
15. b3 Qh4 16. Qc2 Bg4 17. Qe2 f5 18. Bxg4 Qxg4 19. Qxg4 fxg4 20. Re1 d5 21.
cxd5 cxd5 22. e5 Nd3 23. Rd1 Bc5+ 24. Kf1 Nb4 25. Ne2 Nc2 26. Rb1 Be3 27. Rb2
Rac8 28. Rxc2 1/2-1/2

[Event "Collado Villalba op-B 35th"]
[Site "Collado Villalba ESP"]
[Date "2018.08.30"]
[Round "7.5"]
[White "Tevar Sanz, Gonzalo"]
[Black "De Dompablo Fantova, Juan"]
[Result "0-1"]
[WhiteElo "1757"]
[BlackElo "1638"]
[PlyCount "98"]
[EventDate "2018.08.24"]
[EventType "swiss"]
[EventRounds "9"]
[EventCountry "ESP"]
[SourceTitle "Ajedrez en Madrid"]
[Source "lmi"]
[SourceDate "2018.08.24"]

1. d4 Nf6 2. Bf4 g6 3. e3 Bg7 4. Nf3 d6 5. Be2 O-O 6. O-O c5 7. c3 Nc6 8. Nbd2
cxd4 9. exd4 Bf5 10. h3 Rc8 11. Re1 Nd5 12. Bg3 e5 13. Bc4 Nb6 14. dxe5 dxe5
15. Bb5 f6 16. Qb3+ Kh8 17. Nh4 Bd7 18. Qd1 Qe7 19. Bd3 f5 20. Nhf3 e4 21. Bc4
Rfd8 22. Bb3 Be6 23. Bxe6 Qxe6 24. Ng5 Qe7 25. Bf4 Nd5 26. g3 Nxf4 27. gxf4 h6
28. Ngf3 Qd6 29. Ne5 Nxe5 30. fxe5 Qxd2 31. Qb3 Qd5 32. Qa4 Qxe5 33. Qxa7 Qc7
34. Rad1 Rxd1 35. Rxd1 Rd8 36. Rxd8+ Qxd8 37. Qxb7 Qd1+ 38. Kg2 Qf3+ 39. Kg1
Qxh3 40. a4 e3 41. fxe3 Qxe3+ 42. Kf1 f4 43. Qg2 Kh7 44. Qf2 Qd3+ 45. Kg2 Qe4+
46. Kf1 Qxa4 47. Kg2 Qc4 48. Qf3 Qc7 49. Qe4 h5 0-1

[Event "Collado Villalba op-B 35th"]
[Site "Collado Villalba ESP"]
[Date "2018.08.30"]
[Round "7.6"]
[White "Mataix Fernandez, Ricardo"]
[Black "Bahillo Vallejo, Ignacio"]
[Result "1-0"]
[WhiteElo "1724"]
[BlackElo "1415"]
[PlyCount "121"]
[EventDate "2018.08.24"]
[EventType "swiss"]
[EventRounds "9"]
[EventCountry "ESP"]
[SourceTitle "Ajedrez en Madrid"]
[Source "lmi"]
[SourceDate "2018.08.24"]

1. d4 Nf6 2. Bf4 e6 3. e3 c5 4. c3 d5 5. Nf3 Bd6 6. Bg3 Bxg3 7. hxg3 c4 8. Nbd2
Bd7 9. Ne5 Nc6 10. g4 Nxe5 11. dxe5 Ng8 12. Qc2 Nh6 13. Be2 f5 14. Qd1 fxg4 15.
Bxg4 Qg5 16. Bh5+ Ke7 17. Nf3 Qf5 18. g4 Qf8 19. g5 Nf5 20. Nh4 g6 21. Bg4 Qg7
22. Bxf5 gxf5 23. Qd4 b6 24. O-O-O Raf8 25. Rdg1 Rhg8 26. f4 Qf7 27. Nf3 Kd8
28. Rh2 Rg7 29. Rgh1 Kc7 30. Rh6 Qe7 31. R1h3 Kb7 32. Qd1 Rff7 33. Qh1 a5 34.
Nd4 a4 35. a3 Ka6 36. Rf6 Qe8 37. Rhh6 Rxf6 38. exf6 Rf7 39. Rxh7 Rxh7 40. Qxh7
e5 41. fxe5 Qxe5 42. Qxd7 Qxe3+ 43. Kd1 Qd3+ 44. Ke1 Qg3+ 45. Kf1 Qf4+ 46. Ke2
Qg4+ 47. Nf3 Qe4+ 48. Kf2 Qc2+ 49. Kg3 Qe4 50. Qe7 f4+ 51. Kf2 Qc2+ 52. Qe2 Qg6
53. Nd4 Qxg5 54. f7 Qg3+ 55. Kf1 Qh3+ 56. Qg2 Qd3+ 57. Kg1 Qd1+ 58. Kf2 Qd2+
59. Ne2 Qe3+ 60. Ke1 f3 61. Qf2 1-0

[Event "Collado Villalba op-B 35th"]
[Site "Collado Villalba ESP"]
[Date "2018.08.30"]
[Round "7.7"]
[White "Munoz Morato, Miguel"]
[Black "Mejias Gonzalez, Pedro"]
[Result "1-0"]
[WhiteElo "1708"]
[BlackElo "1593"]
[PlyCount "113"]
[EventDate "2018.08.24"]
[EventType "swiss"]
[EventRounds "9"]
[EventCountry "ESP"]
[SourceTitle "Ajedrez en Madrid"]
[Source "lmi"]
[SourceDate "2018.08.24"]

1. e4 d5 2. exd5 Nf6 3. d4 Nxd5 4. Nf3 Bg4 5. Be2 Nb6 6. O-O Nc6 7. Be3 Qd7 8.
c3 O-O-O 9. Qb3 Bxf3 10. Bxf3 e6 11. a4 Nd5 12. a5 Nxe3 13. fxe3 a6 14. Bxc6
Qxc6 15. Rxf7 Qe4 16. Rf3 Bd6 17. Nd2 Qd3 18. Qxe6+ Kb8 19. Nc4 Rhe8 20. e4
Qxf3 21. Qxe8 Bxh2+ 22. Kh1 Qf6 23. Qh5 Bg3 24. Ne5 Bxe5 25. Qxe5 Qxe5 26. dxe5
Re8 27. Re1 Rxe5 28. b4 c5 29. Kh2 Kc7 30. Kg3 g5 31. Kf3 Kc6 32. Rh1 cxb4 33.
cxb4 Kb5 34. Rxh7 Kxb4 35. Rxb7+ Kxa5 36. Rf7 Kb4 37. Rf5 Re8 38. Rxg5 a5 39.
e5 a4 40. Rg4+ Kb3 41. Re4 a3 42. g4 a2 43. Re3+ Kb2 44. Re2+ Kb1 45. Kf4 Rf8+
46. Ke4 a1=Q 47. Re1+ Ka2 48. Rxa1+ Kxa1 49. e6 Kb2 50. Ke5 Kc3 51. e7 Rg8 52.
Kf6 Kd4 53. Kf7 Rh8 54. g5 Rh7+ 55. Kf6 Rh8 56. g6 Kd5 57. Kf7 1-0

[Event "Collado Villalba op-B 35th"]
[Site "Collado Villalba ESP"]
[Date "2018.08.30"]
[Round "7.8"]
[White "Garcia Varea, Benjamin"]
[Black "Lucia Carpintero, Oscar"]
[Result "0-1"]
[WhiteElo "1576"]
[BlackElo "1659"]
[PlyCount "68"]
[EventDate "2018.08.24"]
[EventType "swiss"]
[EventRounds "9"]
[EventCountry "ESP"]
[SourceTitle "Ajedrez en Madrid"]
[Source "lmi"]
[SourceDate "2018.08.24"]

1. e4 e6 2. d4 d5 3. exd5 exd5 4. Bd3 Bd6 5. f4 Ne7 6. Qh5 g6 7. Qg5 Nf5 8.
Qxd8+ Kxd8 9. Ne2 Re8 10. c3 Ne3 11. Kf2 Ng4+ 12. Kf3 Nf6 13. h3 Ne4 14. c4 Be6
15. Nbc3 Nxc3 16. Nxc3 dxc4 17. Be2 c6 18. a4 Nd7 19. Be3 Nf6 20. Rhd1 Nd5 21.
Ne4 Nxe3 22. Nxd6 Bd5+ 23. Kg3 Re7 24. Rdc1 Nf5+ 25. Nxf5 Rxe2 26. Nh4 Kd7 27.
Nf3 f6 28. a5 Rae8 29. a6 b5 30. Rab1 Be4 31. Ra1 Bxf3 32. gxf3 Rxb2 33. Rd1
Ree2 34. Ra3 Rbd2 0-1

[Event "Collado Villalba op-B 35th"]
[Site "Collado Villalba ESP"]
[Date "2018.08.30"]
[Round "7.9"]
[White "Garcia Lopez, Fernando"]
[Black "Suarez Paz, Alfonso"]
[Result "0-1"]
[WhiteElo "1558"]
[BlackElo "1842"]
[PlyCount "84"]
[EventDate "2018.08.24"]
[EventType "swiss"]
[EventRounds "9"]
[EventCountry "ESP"]
[SourceTitle "Ajedrez en Madrid"]
[Source "lmi"]
[SourceDate "2018.08.24"]

1. e4 d6 2. d4 Nf6 3. Nc3 Nbd7 4. Nf3 g6 5. Be2 Bg7 6. O-O O-O 7. Re1 e5 8.
dxe5 Nxe5 9. Nxe5 dxe5 10. Bg5 Be6 11. Nd5 Bxd5 12. exd5 Qxd5 13. Qxd5 Nxd5 14.
Bc4 Nb6 15. Bb3 Kh8 16. Be3 f6 17. Rad1 Rfd8 18. c3 Bf8 19. a4 c6 20. c4 Bb4
21. Rf1 Nd7 22. Bc2 Nc5 23. b3 a5 24. f3 Ne6 25. Bb6 Bc5+ 26. Bxc5 Nxc5 27. Kf2
Ne6 28. Rxd8+ Rxd8 29. Rd1 Rxd1 30. Bxd1 h5 31. g3 Kg7 32. Ke3 f5 33. Kd3 Kf6
34. h3 g5 35. Kc3 c5 36. Kd2 h4 37. gxh4 gxh4 38. Be2 Kg5 39. Ke3 b6 40. Kf2
Nd4 41. Bd1 Kf4 42. Kg2 Ke3 0-1

[Event "Collado Villalba op-B 35th"]
[Site "Collado Villalba ESP"]
[Date "2018.08.30"]
[Round "7.10"]
[White "Enriquez Pastor, Jorge"]
[Black "Tirado Parra, Alberto"]
[Result "0-1"]
[WhiteElo "1430"]
[BlackElo "1837"]
[PlyCount "106"]
[EventDate "2018.08.24"]
[EventType "swiss"]
[EventRounds "9"]
[EventCountry "ESP"]
[SourceTitle "Ajedrez en Madrid"]
[Source "lmi"]
[SourceDate "2018.08.24"]

1. e4 d6 2. d4 Nf6 3. Bd3 e5 4. d5 c6 5. c4 g6 6. Nc3 Bg7 7. Nf3 O-O 8. b4 a5
9. b5 cxd5 10. cxd5 Bg4 11. Bg5 h6 12. Bxf6 Qxf6 13. Be2 Bxf3 14. Bxf3 Qh4 15.
g3 Qg5 16. Qd2 Qxd2+ 17. Kxd2 Nd7 18. Na4 h5 19. Ke2 Bh6 20. Rhe1 Rac8 21. Kf1
Rc4 22. Bd1 Rfc8 23. Bb3 Rb4 24. b6 Nc5 25. Nxc5 Rxc5 26. Rab1 a4 27. Bc2 Rxb1
28. Bxb1 Rb5 29. Bc2 a3 30. Rb1 Rc5 31. Bd3 Bc1 32. Ba6 Bb2 33. Bxb7 Rb5 34.
Bc6 Rxb6 35. Ke2 Rb4 36. f3 Kg7 37. h3 h4 38. g4 Kf6 39. Be8 Rb8 40. Ba4 Kg5
41. Bb3 Rxb3 42. axb3 a2 43. Rd1 a1=Q 44. Rxa1 Bxa1 45. b4 Bd4 46. Kd3 Kf4 47.
Kc4 Kxf3 48. Kb5 Bc3 49. Kc4 Bd2 50. b5 Ba5 51. b6 Bxb6 52. Kb5 Bc5 53. Kc6
Kxe4 0-1

[Event "Collado Villalba op-B 35th"]
[Site "Collado Villalba ESP"]
[Date "2018.08.30"]
[Round "7.12"]
[White "Rodriguez del Moral, Angel"]
[Black "Teran Gonzalez, Adrian"]
[Result "1/2-1/2"]
[WhiteElo "1728"]
[BlackElo "1327"]
[PlyCount "146"]
[EventDate "2018.08.24"]
[EventType "swiss"]
[EventRounds "9"]
[EventCountry "ESP"]
[SourceTitle "Ajedrez en Madrid"]
[Source "lmi"]
[SourceDate "2018.08.24"]

1. d4 d5 2. Bf4 c5 3. e3 Nc6 4. Nf3 Bg4 5. Be2 Bxf3 6. Bxf3 cxd4 7. exd4 Nf6 8.
O-O Qb6 9. Nd2 Nxd4 10. Rb1 Rc8 11. c3 Nxf3+ 12. Nxf3 e6 13. Be3 Qa6 14. a3 Bd6
15. Bd4 Be7 16. Re1 O-O 17. Ne5 Bc5 18. Re3 Ne4 19. f3 Bxd4 20. Qxd4 Nd6 21.
Ree1 Qb6 22. Qxb6 axb6 23. Nd7 Rfd8 24. Ne5 Nc4 25. Nd3 h6 26. Re2 d4 27. Rc1
dxc3 28. Rxc3 b5 29. Kf2 Kf8 30. Rec2 Nb6 31. Rxc8 Rxc8 32. Rxc8+ Nxc8 33. Ke3
Ke7 34. Kd4 b6 35. Kc3 f6 36. Nb4 Kd6 37. Kd4 e5+ 38. Ke4 Ne7 39. Nd3 f5+ 40.
Ke3 Nd5+ 41. Kd2 e4 42. fxe4 fxe4 43. Ne1 Kc5 44. b3 b4 45. a4 b5 46. a5 Kc6
47. Nc2 Kb7 48. Ne3 Ne7 49. Nc2 Nf5 50. g4 Nd6 51. Nxb4 Ka7 52. Ke3 Nb7 53.
Nc6+ Ka6 54. b4 Nd6 55. Nb8+ Kb7 56. Nd7 Kc6 57. Nc5 Kd5 58. a6 g5 59. a7 Nc4+
60. Ke2 Nb6 61. Nd7 Na8 62. Nf6+ Kc4 63. Nxe4 Kxb4 64. Kd2 Ka5 65. Nf6 Ka6 66.
Ng8 Kxa7 67. Nxh6 Nc7 68. Nf7 Ne6 69. Kc3 Kb6 70. Kb4 Kc6 71. Ne5+ Kd5 72. Nf3
Ke4 73. Nxg5+ Nxg5 1/2-1/2

[Event "Collado Villalba op-B 35th"]
[Site "Collado Villalba ESP"]
[Date "2018.08.30"]
[Round "7.13"]
[White "Caravantes Camacho, Fernando"]
[Black "Lizon Martinez, Santiago"]
[Result "0-1"]
[WhiteElo "1561"]
[BlackElo "1715"]
[PlyCount "74"]
[EventDate "2018.08.24"]
[EventType "swiss"]
[EventRounds "9"]
[EventCountry "ESP"]
[SourceTitle "Ajedrez en Madrid"]
[Source "lmi"]
[SourceDate "2018.08.24"]

1. d4 Nf6 2. Nc3 d5 3. Bg5 Nbd7 4. e4 Nxe4 5. Nxe4 dxe4 6. Bc4 Nf6 7. c3 Bg4 8.
f3 exf3 9. Nxf3 h6 10. Bxf6 exf6 11. Qb3 Qe7+ 12. Kf2 O-O-O 13. Rhe1 Qd6 14. h3
Bxf3 15. Kxf3 g5 16. Re4 Qh2 17. Bd5 c6 18. Bxc6 bxc6 19. Qc4 Qc7 20. Rae1 Bd6
21. Qa6+ Qb7 22. Qa4 f5 23. R4e3 g4+ 24. hxg4 fxg4+ 25. Kf2 Qd7 26. Qa6+ Qb7
27. Qa4 Qc7 28. Qa6+ Kd7 29. Qd3 Kc8 30. Qa6+ Kb8 31. c4 Bg3+ 32. Kg1 Bxe1 33.
Rb3+ Ka8 34. c5 Rb8 35. Re3 Rhe8 36. Rxe8 Rxe8 37. a3 Bg3 0-1

[Event "Collado Villalba op-B 35th"]
[Site "Collado Villalba ESP"]
[Date "2018.08.30"]
[Round "7.14"]
[White "Criado Riesgo, Manuel"]
[Black "Fernandez Garcia, Emiliano"]
[Result "1-0"]
[WhiteElo "1665"]
[BlackElo "1545"]
[PlyCount "105"]
[EventDate "2018.08.24"]
[EventType "swiss"]
[EventRounds "9"]
[EventCountry "ESP"]
[SourceTitle "Ajedrez en Madrid"]
[Source "lmi"]
[SourceDate "2018.08.24"]

1. d4 d5 2. c4 dxc4 3. e3 e5 4. Bxc4 exd4 5. Nf3 Bb4+ 6. Bd2 Bxd2+ 7. Qxd2 Nf6
8. Nxd4 O-O 9. O-O c5 10. Nb5 Qxd2 11. Nxd2 Nc6 12. Nf3 Bg4 13. h3 Bxf3 14.
gxf3 Rfd8 15. Rad1 a6 16. Nd6 Rd7 17. Be2 Rad8 18. Nf5 Kf8 19. a3 Rxd1 20. Rxd1
Rxd1+ 21. Bxd1 b5 22. Be2 g6 23. Nd6 Ke7 24. Nb7 Nd7 25. f4 c4 26. Bf3 Ndb8 27.
Kf1 Kd7 28. Bxc6+ Nxc6 29. Nc5+ Kd6 30. Nxa6 f5 31. Ke2 Ne7 32. Nb4 Nd5 33.
Nxd5 Kxd5 34. f3 h6 35. h4 h5 36. Kd2 Kc5 37. Kc3 Kd5 38. Kb4 Kc6 39. Ka5 Kc5
40. Ka6 b4 41. axb4+ Kxb4 42. e4 Kc5 43. e5 Kc6 44. Ka5 Kc5 45. e6 Kd6 46. e7
Kxe7 47. Kb5 Kd6 48. Kxc4 Kc6 49. b4 Kb6 50. Kd5 Kb5 51. Ke6 Kxb4 52. Kf6 Kc4
53. Kxg6 1-0

[Event "Collado Villalba op-B 35th"]
[Site "Collado Villalba ESP"]
[Date "2018.08.30"]
[Round "7.15"]
[White "Melcon Diez, Enrique"]
[Black "Palacios Sanchez, Victor"]
[Result "1-0"]
[WhiteElo "1660"]
[BlackElo "1449"]
[PlyCount "65"]
[EventDate "2018.08.24"]
[EventType "swiss"]
[EventRounds "9"]
[EventCountry "ESP"]
[SourceTitle "Ajedrez en Madrid"]
[Source "lmi"]
[SourceDate "2018.08.24"]

1. c4 e5 2. Nc3 Nf6 3. Nf3 e4 4. Ng5 d5 5. cxd5 Nxd5 6. Ngxe4 Be7 7. e3 O-O 8.
Be2 f5 9. Ng3 f4 10. Nge4 fxe3 11. dxe3 Nxc3 12. Nxc3 Nd7 13. O-O Bd6 14. Ne4
Bxh2+ 15. Kxh2 Qh4+ 16. Kg1 Qxe4 17. Bf3 Qg6 18. Qd5+ Kh8 19. Be4 Nf6 20. Bxg6
Nxd5 21. Rd1 Be6 22. Be4 c6 23. Bd2 Rae8 24. Bf3 Nf6 25. b3 Bd5 26. Be2 Ne4 27.
Be1 Re7 28. f3 Nc5 29. e4 Bf7 30. Rac1 Nxb3 31. axb3 Bxb3 32. Bb4 Bxd1 33. Bxe7
1-0

[Event "Collado Villalba op-B 35th"]
[Site "Collado Villalba ESP"]
[Date "2018.08.30"]
[Round "7.16"]
[White "Gallego Romero, Manuel"]
[Black "Karunanithi, Bharath"]
[Result "1/2-1/2"]
[WhiteElo "1406"]
[BlackElo "1603"]
[PlyCount "92"]
[EventDate "2018.08.24"]
[EventType "swiss"]
[EventRounds "9"]
[EventCountry "ESP"]
[SourceTitle "Ajedrez en Madrid"]
[Source "lmi"]
[SourceDate "2018.08.24"]

1. e4 c5 2. Nf3 d6 3. Bb5+ Bd7 4. Bc4 e6 5. a3 Nf6 6. d3 Be7 7. Nc3 a6 8. O-O
b5 9. Ba2 Nc6 10. Ne2 O-O 11. Ng3 Re8 12. h3 Bf8 13. c3 g6 14. Re1 h6 15. d4
cxd4 16. cxd4 e5 17. dxe5 dxe5 18. Bd2 Be6 19. Qc1 Bxa2 20. Rxa2 Rc8 21. Bc3 b4
22. Rd1 Qb6 23. axb4 Nxb4 24. Ra1 Kh7 25. Qb1 Nc6 26. Qa2 Kg7 27. Qxa6 Qxa6 28.
Rxa6 Bc5 29. Kf1 Re6 30. Ne1 h5 31. f3 Bd4 32. Ne2 Bxc3 33. Nxc3 h4 34. Rd2 Nd4
35. Rxe6 Nxe6 36. Nc2 Nc5 37. Ne3 Nb3 38. Rf2 Nd4 39. Ke1 Nd7 40. Ned5 Nc5 41.
Rd2 Ncb3 42. Rf2 Ra8 43. Ne3 Ra1+ 44. Ned1 Nc5 45. Rd2 Ncb3 46. Rf2 Nc5 1/2-1/2

[Event "Collado Villalba op-B 35th"]
[Site "Collado Villalba ESP"]
[Date "2018.08.30"]
[Round "7.17"]
[White "Centeno Mendoza, Julio Stefano"]
[Black "Ruiz Grau, David"]
[Result "1-0"]
[WhiteElo "1574"]
[BlackElo "1277"]
[PlyCount "89"]
[EventDate "2018.08.24"]
[EventType "swiss"]
[EventRounds "9"]
[EventCountry "ESP"]
[SourceTitle "Ajedrez en Madrid"]
[Source "lmi"]
[SourceDate "2018.08.24"]

1. e4 c6 2. Nc3 d5 3. Nf3 dxe4 4. Nxe4 Nd7 5. d4 Ngf6 6. Ng3 e6 7. Bd3 Bd6 8.
O-O c5 9. c3 Nb6 10. Qe2 a6 11. Bg5 Nbd5 12. Nf5 O-O 13. Nxd6 Qxd6 14. dxc5
Qxc5 15. c4 Nb4 16. Bxf6 Nxd3 17. Bd4 Nf4 18. Bxc5 Nxe2+ 19. Kh1 Rd8 20. Be3 b5
21. Rfe1 Ng3+ 22. hxg3 bxc4 23. Ne5 Bb7 24. Nxc4 Rd5 25. Kg1 Rad8 26. Re2 a5
27. Rd2 a4 28. Rad1 Ba6 29. Nb6 Rxd2 30. Rxd2 Rxd2 31. Bxd2 a3 32. b3 f5 33.
Bb4 g5 34. Bxa3 h5 35. Be7 g4 36. a4 Kf7 37. Bd6 Kg6 38. Be5 Kg5 39. b4 h4 40.
gxh4+ Kxh4 41. g3+ Kh3 42. b5 f4 43. bxa6 f3 44. Kf1 Kh2 45. a7 1-0

[Event "Collado Villalba op-B 35th"]
[Site "Collado Villalba ESP"]
[Date "2018.08.30"]
[Round "7.18"]
[White "Palomares Cortez, Facundo Sebast"]
[Black "Castro Uceda, Jose Antonio"]
[Result "0-1"]
[WhiteElo "1486"]
[BlackElo "1569"]
[PlyCount "74"]
[EventDate "2018.08.24"]
[EventType "swiss"]
[EventRounds "9"]
[EventCountry "ESP"]
[SourceTitle "Ajedrez en Madrid"]
[Source "lmi"]
[SourceDate "2018.08.24"]

1. e4 c5 2. Nf3 d6 3. d4 cxd4 4. Nxd4 Nf6 5. Nc3 a6 6. Be2 e6 7. O-O Be7 8. Be3
O-O 9. f4 Qc7 10. Kh1 Nbd7 11. Qe1 Nc5 12. Bf3 e5 13. fxe5 dxe5 14. Qg3 Rd8 15.
Bh6 Bf8 16. Bg5 Be7 17. Bxf6 Bxf6 18. Nd5 Rxd5 19. exd5 Qd6 20. Nb3 e4 21. Nxc5
Qxc5 22. Bxe4 Qd4 23. Rf4 Qxb2 24. Raf1 Kh8 25. Rxf6 gxf6 26. Qc7 Kg7 27. Qg3+
Kh8 28. Qh4 f5 29. Qd8+ Kg7 30. Qg5+ Kh8 31. Bxf5 Bxf5 32. Qxf5 Rf8 33. d6 Qd4
34. Qd7 Qd5 35. Qe7 Rg8 36. Qf6+ Rg7 37. h3 Qxg2# 0-1

[Event "Collado Villalba op-B 35th"]
[Site "Collado Villalba ESP"]
[Date "2018.08.30"]
[Round "7.19"]
[White "Llanas Del Hoyo, Andres"]
[Black "Pardo Robles, Jose Manuel"]
[Result "0-1"]
[WhiteElo "1509"]
[BlackElo "1795"]
[PlyCount "60"]
[EventDate "2018.08.24"]
[EventType "swiss"]
[EventRounds "9"]
[EventCountry "ESP"]
[SourceTitle "Ajedrez en Madrid"]
[Source "lmi"]
[SourceDate "2018.08.24"]

1. f4 d5 2. e3 c5 3. b3 Nc6 4. Bb2 e6 5. Nf3 Nf6 6. d3 b5 7. Nbd2 Be7 8. a3 Bb7
9. d4 c4 10. b4 O-O 11. g3 Qc7 12. Bg2 Nxb4 13. Bc3 Nc6 14. Ne5 Nd7 15. O-O Nb6
16. Nxc6 Bxc6 17. Ba5 Qb7 18. c3 Nc8 19. f5 exf5 20. Rxf5 Nd6 21. Rh5 g6 22.
Rh3 Bg5 23. Qf3 f5 24. Bb4 Rf6 25. Bxd6 Rxd6 26. Nf1 Re6 27. g4 Rf8 28. gxf5
Rxf5 29. Qg4 Qf7 30. Kh1 h5 0-1